000 00727cam a22002294a 4500
001 15313829
005 20180308065719.0
008 080603s2009 maua 001 0 eng
010 _a 2008023316
020 _a9780073382357 (alk. paper)
020 _a0073382353 (alk. paper)
040 _aDLC
_cDLC
_dDLC
041 _aeng
080 _a332.6 JOR
082 0 0 _a332.6 JOR
_222
100 1 _a51
101 _aINV
245 1 0 _aFundamentals of investments :
_cBradford D. Jordan, Thomas W. Miller.
906 _a7
_bcbc
_corignew
_d1
_eecip
_f20
_gy-gencatlg
942 _2ddc
_cBK
999 _c44450
_d44450